01540nam a2200433 i 450000100060000000300080000600500170001400600190003100700150005000800410006502000270010603500230013303500240015603500250018003500210020504000310022605000240025708000130028108000100029408200150030410000250031924501280034426400400047230000410051233600310055333700330058433800430061749000320066050000230069250400290071558801230074465000330086765000370090065000230093765000240096065500270098483000330101185600620104480003FlNmELB20241217151723.0m o d | cr cnu||||||||160508s2010 sp ob 001 0 spa d a9788427716650 (e-book) a(MiAaPQ)EBC4499266 a(Au-PeEL)EBL4499266 a(CaPaEBR)ebr11201516 a(OCoLC)984783597 aFINmELBbspaerdacFINmELB 4aLB3013.3bF365 2010 a37.091.5 a371.50 a371.582231 aFernández, Isabel.10aPrevención de la violencia y resolución de conflictos :bel clima escolar como factor de calidad /cIsabel Fernández. 1aMadrid :bNarcea Ediciones,c[2010] a1 recurso en línea (225 páginas) atextobtxt2rdacontent/spa acomputadorabc2rdamedia/spa arecurso en líneabcr2rdacarrier/spa1 aColección Educación hoy aContiene índice. aContiene bibliografía. aDescripción basada en recurso en línea; Título de la página del título en PDF (e-libro, visto May 08, 2016). 0aSchool violencexPrevention. 4aViolencia escolarxPrevención. 0aSchool discipline. 4aDisciplina escolar. 4aLibros electrónicos. 0aColección Educación hoy.40uhttps://elibro.net/ereader/politecnicointernacional/45961